000
00239nam a2200097Ia 4500
001
654918
005
20250826154527.0
008
250824s9999 xx 000 0 und d
245
0
_a
MOTORLU KUŞ
_c
CAHİT ZARİFOĞLU
260
_b
BEYAN YAYINLARI
999
_c
654918
_d
654918